| 000 | 01089cam a22003255a 4500 | ||
|---|---|---|---|
| 999 |
_c13800 _d13800 |
||
| 003 | EG-ScBUE | ||
| 005 | 20200109112738.0 | ||
| 008 | 100328s2007 enka f bd 000 0 eng d | ||
| 020 | _a9780273713579 | ||
| 040 |
_aEG-ScBUE _beng _erda _cEG-ScBUE _dEG-ScBUE |
||
| 082 | 0 | 4 |
_a808.02 _bMCM _222 |
| 100 | 1 |
_aMcMillan, Kathleen, _eauthor. _913190 |
|
| 245 | 1 | 0 |
_aHow to write essays & assignments / _cKathleen McMillan, Jonathan Weyers. |
| 246 | 3 | _aHow to write essays and assignments | |
| 264 | 1 |
_aHarlow, England : _bPearson Prentice Hall, _c2007. |
|
| 300 |
_aix, 246 pages : _billustrations ; _c22 cm. |
||
| 336 |
_2rdacontent _atext _btxt |
||
| 337 |
_2rdamedia _aunmediated _bn |
||
| 338 |
_2rdacarrier _avolume _bnc |
||
| 490 | 0 | _aSmarter study guides | |
| 500 | _aIncludes glossary. | ||
| 504 | _aIncludes bibliographical references. | ||
| 590 | _arana gobara | ||
| 650 | 7 |
_aReport writing _2BUEsh |
|
| 650 | 7 |
_aDissertations, Academic. _2BUEsh |
|
| 653 |
_bHHUUEENN _cJuly2019 |
||
| 655 | _vReading book | ||
| 700 | 1 |
_aWeyers, Jonathan D. B, _eauthor. _913193 |
|
| 942 |
_2ddc _cBB |
||